D-Letter Subdivisions of Africa - Statistics

General Stats
  • This quiz has been taken 18 times
    5 since last reset
  • The average score is 10 of 26
Answer Stats
Country Subdivsion Type Answer % Correct
Djibouti Region Djibouti
100%
Egypt Governorate Dakahlia
75%
Senegal Region Dakar
75%
Egypt Governorate Damietta
75%
Tanzania Region Dar es Salaam
75%
Ethiopia City Dire Dawa
75%
Algeria Province Djelfa
75%
Niger Region Diffa
50%
Djibouti Region Dikhil
50%
Tanzania Region Dodoma
50%
Benin Department Donga
50%
Niger Region Dosso
50%
Morocco Region Dakhla-Oued Ed-Dahab
25%
Mauritania Region Dakhlet Nouadhibou
25%
Eritrea Region Debub (Southern)
25%
Nigeria State Delta
25%
Libya District Derna
25%
Madagascar Region Diana
25%
Senegal Region Diourbel
25%
Equatorial Guinea Province Djibloho
25%
Uganda District Dokolo
25%
Mali Region Dioila
0%
Algeria Province Djanet
0%
Republic of the Congo Department Djoué-Léfini
0%
Mali Region Douentza
0%
Morocco Region Drâa-Tafilalet
0%
No matching quizzes found
Score Distribution
Percent of People with Each Score
Percentile by Number Answered
Your Score History
You have not taken this quiz since the last reset